| 000 | 00736nam a22002177a 4500 | ||
|---|---|---|---|
| 005 | 20170726105311.0 | ||
| 010 | _aENG-119399 | ||
| 020 |
_c845.00 _a9788131251003 |
||
| 035 | _aEN-102931 | ||
| 037 | _bDBAD/PUB | ||
| 082 | _a345.54 | ||
| 100 | _a Ranchhoddas,Ratanlal | ||
| 245 |
_aThe Indian penal code / _cby Ratanlal Ranchhoddas [and] Dhirajlal Keshavlal Thakore |
||
| 250 | _a35th ed by K.T. Thomas [and] M.A. Rashid | ||
| 260 |
_bLexis Nexis _c2017 _aGurgaon |
||
| 270 |
_a14th Floor; Building No. 10 Tower -B , DLF Cyber City ,Phase-II _bGurgaon _e122002 |
||
| 300 | c |
_accxIvii,1429p. _c25cm(pbk) |
|
| 500 | _aIncludes index | ||
| 700 | _aThakore,Dhirajlal Keshavlal | ||
| 942 |
_2ddc _cEN _mRAN _h345.54 |
||
| 999 |
_c142847 _d142847 |
||